Sparte (notice n° 1796045)
[ vue normale ]
| 000 -LEADER | |
|---|---|
| fixed length control field | 01740cam a2200145 4500500 |
| 005 - DATE AND TIME OF LATEST TRANSACTION | |
| control field | 20260329000452.0 |
| 041 ## - LANGUAGE CODE | |
| Language code of text/sound track or separate title | fre |
| 042 ## - AUTHENTICATION CODE | |
| Authentication code | dc |
| 100 10 - MAIN ENTRY--PERSONAL NAME | |
| Personal name | Christien, Jacqueline |
| Relator term | author |
| 245 00 - TITLE STATEMENT | |
| Title | Sparte |
| 260 ## - PUBLICATION, DISTRIBUTION, ETC. | |
| Name of publisher, distributor, etc. | Armand Colin,<br/> |
| Date of publication, distribution, etc. | 2024.<br/> |
| 520 ## - SUMMARY, ETC. | |
| Summary, etc. | Cet ouvrage se propose de restituer les huit siècles de l’histoire de Sparte, qui vont de la fondation de la cité à sa soumission aux Romains. L’État des Lacédémoniens fut probablement le plus important des États grecs par l’étendue et la richesse de son territoire et par sa puissance militaire, mais son histoire apparaît souvent bien mystérieuse. Cependant, l’abondante historiographie des dernières décennies permet de dépasser la vision mythique d’une cité exclusivement traditionaliste et militarisée.Les auteurs ont souhaité la faire revivre dans tout son dynamisme et restituer une évolution des institutions et des modes de vie longtemps perçus comme figés. L’analyse critique des mythes et des textes, l’exploitation des données archéologiques, la prise en compte de la géographie de l’ensemble du territoire, permettent de saisir concrètement le développement spectaculaire de cette cité jusqu’au début du IVe siècle av. J.-C., puis ses tentatives désespérées pour retrouver sa grandeur perdue et résister à tous ceux, Macédoniens ou Romains, qui cherchèrent à la contrôler. En intégrant les derniers aspects de la recherche, les auteurs espèrent avoir donné une vision novatrice de ce que fut Lacédémone, suscitant nouvelles réflexions et nouvelles approches. |
| 700 10 - ADDED ENTRY--PERSONAL NAME | |
| Personal name | Ruzé, Françoise |
| Relator term | author |
| 856 41 - ELECTRONIC LOCATION AND ACCESS | |
| Uniform Resource Identifier | <a href="https://shs.cairn.info/sparte-2e-ed--9782200639662?lang=fr&redirect-ssocas=7080">https://shs.cairn.info/sparte-2e-ed--9782200639662?lang=fr&redirect-ssocas=7080</a> |
Pas d'exemplaire disponible.




Réseaux sociaux